[Event "Rated Blitz game"]
[Site "?"]
[Date "2021.03.30"]
[Round "?"]
[White "nrm18"]
[Black "lavilaine"]
[Result "0-1"]
[WhiteElo "2445"]
[BlackElo "2347"]
[PlyCount "70"]
[EventDate "2021.??.??"]
[EventType "blitz"]

1. e4 e5 2. Nf3 d5 3. Nxe5 Qe7 4. d4 f6 5. Ng4 dxe4 6. Bc4 Be6 7. Bxe6 Qxe6 8.
Ne3 f5 9. g3 Nf6 10. c4 Bb4+ 11. Kf1 Nbd7 12. c5 O-O 13. a3 Bxc5 14. dxc5 Nxc5
15. Kg2 Rad8 16. Qc2 Nb3 17. Ra2 Nxc1 18. Rxc1 Qxa2 19. Nxf5 Qe6 20. Ne3 Nd5
21. Nxd5 Qxd5 22. Nc3 Qd2 23. Nxe4 Qd5 24. f3 c6 25. Qc3 Qd4 26. Rc2 Qxc3 27.
Rxc3 Rd1 28. Kf2 Rb1 29. b4 Rb2+ 30. Ke3 Rxh2 31. Rd3 Ra2 32. Nc5 Re8+ 33. Kf4
b6 34. Nd7 Rae2 35. Rd6 R2e4+ {Time forfeit} 0-1

[Event "Rated Blitz game"]
[Site "?"]
[Date "2021.03.30"]
[Round "?"]
[White "Glig"]
[Black "Jomajo"]
[Result "0-1"]
[WhiteElo "2476"]
[BlackElo "2638"]
[PlyCount "106"]
[EventDate "2021.??.??"]
[EventType "blitz"]

1. e4 e5 2. Nf3 d5 3. Nxe5 Bd6 4. d4 dxe4 5. Nc4 Nf6 6. Bg5 h6 7. Bh4 Nc6 8.
Ne3 g5 9. Bg3 Bxg3 10. hxg3 Qxd4 11. Nc3 Be6 12. Qxd4 Nxd4 13. O-O-O O-O-O 14.
Ne2 c5 15. Nc3 a6 16. a4 h5 17. Bc4 Bxc4 18. Nxc4 Kc7 19. Ne3 b5 20. b3 b4 21.
Nb1 Ng4 22. Rdf1 Ne2+ 23. Kb2 Nxe3 24. fxe3 Rd7 25. Rh3 g4 26. Rh4 Nxg3 27. Rf6
Re8 28. c3 Re6 29. Rf2 Red6 30. Kc2 Rd3 31. cxb4 cxb4 32. Nd2 Rc3+ 33. Kb2 f5
34. Nc4 Rdd3 35. Rc2 Rxc2+ 36. Kxc2 Kd8 37. Ne5 Rxe3 38. Ng6 Rc3+ 39. Kb2 e3
40. Nf4 e2 41. Nxe2 Nxe2 42. Rxh5 Nd4 43. Rh6 Kc7 44. a5 Rc2+ 45. Kb1 Rxg2 46.
Rxa6 Nxb3 47. Rf6 Nd4 48. a6 b3 49. a7 Kb7 50. Rf7+ Ka8 51. Ka1 Nb5 52. Kb1
Nc3+ 53. Kc1 b2# {Normal} 0-1

[Event "Rated Blitz game"]
[Site "?"]
[Date "2021.03.30"]
[Round "?"]
[White "elgalgo2017"]
[Black "fJulian"]
[Result "1/2-1/2"]
[WhiteElo "2445"]
[BlackElo "2450"]
[PlyCount "75"]
[EventDate "2021.??.??"]
[EventType "blitz"]

1. e4 e5 2. Nf3 d5 3. exd5 e4 4. Qe2 Qe7 5. Nd4 Nf6 6. Nc3 Qe5 7. Nf3 Qh5 8. d3
Bb4 9. dxe4 O-O 10. Bd2 Re8 11. O-O-O Bxc3 12. Bxc3 Nxe4 13. Re1 Bg4 14. Qc4
Bxf3 15. gxf3 Qxf3 16. Bd3 f5 17. d6+ Kh8 18. dxc7 Nc6 19. Rhg1 Re7 20. Bxe4
fxe4 21. Rxg7 Qf4+ 22. Kb1 Rxg7 23. Rg1 Qxc7 24. Bxg7+ Qxg7 25. Rxg7 Kxg7 26.
Qxe4 Rf8 27. a3 Rf7 28. Qg4+ Kf8 29. f4 a6 30. Qc8+ Kg7 31. Qg4+ Kf8 32. h3 Ne7
33. Qd7 Nf5 34. Qd8+ Kg7 35. Qg5+ Kf8 36. Qd8+ Kg7 37. Qg5+ Kf8 38. Qd8+ {
Normal} 1/2-1/2

[Event "Rated Blitz game"]
[Site "?"]
[Date "2021.03.30"]
[Round "?"]
[White "ricjimenez_50"]
[Black "DonCroccante"]
[Result "0-1"]
[WhiteElo "2405"]
[BlackElo "2349"]
[PlyCount "78"]
[EventDate "2021.??.??"]
[EventType "blitz"]

1. e4 e5 2. Nf3 d5 3. d4 dxe4 4. Nxe5 Bd6 5. Bf4 Nf6 6. Nc3 Nc6 7. Bc4 O-O 8.
O-O Bf5 9. h3 h6 10. Re1 Qe8 11. g4 Bh7 12. Bb5 a6 13. Bxc6 bxc6 14. Qe2 Nd5
15. Bd2 f6 16. Nc4 f5 17. gxf5 Bxf5 18. Nxe4 Qg6+ 19. Ng3 Bxg3 20. fxg3 Qxg3+
21. Qg2 Qh4 22. Kh2 Bxh3 23. Re4 Qh5 24. Re5 g5 25. Qg3 Bf1+ 26. Kg1 Bxc4 27.
Bxg5 Rf3 28. Qg2 Kh7 29. Bd2 Qg6 30. Qxg6+ Kxg6 31. b3 Bb5 32. c4 Nf4 33. Bxf4
Rxf4 34. cxb5 axb5 35. d5 Rg8 36. Kh2 Kf6 37. Rh5 Rf2+ 38. Kh1 Rf3 39. Re1 cxd5
{Time forfeit} 0-1

[Event "Rated Blitz game"]
[Site "?"]
[Date "2021.03.30"]
[Round "?"]
[White "larduet"]
[Black "DonCroccante"]
[Result "1-0"]
[WhiteElo "2404"]
[BlackElo "2346"]
[PlyCount "79"]
[EventDate "2021.??.??"]
[EventType "blitz"]

1. e4 e5 2. Nf3 d5 3. Nxe5 Bd6 4. d4 dxe4 5. Nc3 Bxe5 6. dxe5 Qxd1+ 7. Nxd1 Nc6
8. Bf4 Nge7 9. Nc3 Ng6 10. Bg3 Bf5 11. Bb5 O-O-O 12. Bxc6 bxc6 13. Rd1 h5 14.
h3 h4 15. Bh2 Rde8 16. Rd4 Nxe5 17. Ke2 c5 18. Ra4 Nc6 19. Ke3 Kb7 20. Rc4 Nd4
21. Rxc5 Nxc2+ 22. Kd2 Nd4 23. Rxc7+ Kb6 24. Nd5+ Kb5 25. a4+ Kxa4 26. Ra1+ Kb5
27. Raxa7 Rd8 28. Kc3 Ne2+ 29. Kb3 Nd4+ 30. Ka3 Rxd5 31. Rab7+ Ka6 32. Ra7+ Kb6
33. Rab7+ Ka5 34. b4+ Ka6 35. Ka4 Bd7+ 36. Ka3 Bc6 37. Ra7+ Kb6 38. Kb2 Nb5 39.
Rxc6+ Kxc6 40. Rxf7 {Time forfeit} 1-0

[Event "Rated Blitz game"]
[Site "?"]
[Date "2021.03.30"]
[Round "?"]
[White "DanielPerchman"]
[Black "blastol"]
[Result "1-0"]
[WhiteElo "2451"]
[BlackElo "2347"]
[PlyCount "59"]
[EventDate "2021.??.??"]
[EventType "blitz"]

1. e4 e5 2. Nf3 d5 3. d4 dxe4 4. Nxe5 Bd6 5. Qh5 Qe7 6. Bc4 Be6 7. Bg5 Nf6 8.
Bxe6 Qxe6 9. Bxf6 Qxf6 10. Nc3 g6 11. Nxe4 Qe7 12. Qe2 O-O 13. Ng4 Nd7 14. Nxd6
Qxd6 15. O-O-O Rae8 16. Qd2 Re4 17. f3 Rf4 18. Ne5 Rf5 19. f4 f6 20. g4 Rxf4
21. Qxf4 fxe5 22. Qe4 Qe7 23. dxe5 Nxe5 24. Rhe1 Qg5+ 25. Kb1 Nxg4 26. Rg1 Rf4
27. Qe6+ Kg7 28. h3 Qe5 29. Qd7+ Rf7 30. Qxg4 {Normal} 1-0

[Event "Rated Blitz game"]
[Site "?"]
[Date "2021.03.30"]
[Round "?"]
[White "shishini38"]
[Black "Dzon_Vejn"]
[Result "1-0"]
[WhiteElo "2378"]
[BlackElo "2409"]
[PlyCount "103"]
[EventDate "2021.??.??"]
[EventType "blitz"]

1. e4 e5 2. Nf3 d5 3. Bb5+ c6 4. Bd3 dxe4 5. Bxe4 Nf6 6. d3 Nxe4 7. dxe4 Qxd1+
8. Kxd1 Bg4 9. Ke2 Nd7 10. Be3 Bc5 11. Nbd2 Bxe3 12. Kxe3 f6 13. h3 Be6 14.
Rad1 O-O-O 15. Nb3 Kc7 16. Rd2 g5 17. Rhd1 h5 18. Rd6 Rhe8 19. c3 Bxb3 20. axb3
Nc5 21. Rxd8 Rxd8 22. Rxd8 Kxd8 23. Nd2 a5 24. g3 b5 25. f3 Ke7 26. Ke2 b4 27.
Kd1 Nd3 28. Kc2 Nf2 29. h4 Nh1 30. Nf1 Kd6 31. Kd3 Kc5 32. g4 hxg4 33. h5 Nf2+
34. Ke3 Nh3 35. h6 Nf4 36. fxg4 bxc3 37. bxc3 Kb5 38. Ng3 c5 39. Nh5 c4 40.
bxc4+ Kxc4 41. Nxf6 a4 42. Nd5 Nxd5+ 43. exd5 a3 44. h7 a2 45. h8=Q a1=Q 46.
Qc8+ Kb3 47. Qb7+ Kc2 48. d6 Qe1+ 49. Kf3 Qf1+ 50. Kg3 Qg1+ 51. Qg2+ Qxg2+ 52.
Kxg2 {Time forfeit} 1-0

[Event "Rated Blitz game"]
[Site "?"]
[Date "2021.03.29"]
[Round "?"]
[White "Kastorcito"]
[Black "Jomajo"]
[Result "1-0"]
[WhiteElo "2709"]
[BlackElo "2615"]
[PlyCount "69"]
[EventDate "2021.??.??"]
[EventType "blitz"]

1. e4 e5 2. Nf3 d5 3. exd5 e4 4. Qe2 Qe7 5. Nd4 Nf6 6. Nc3 Qe5 7. Ndb5 a6 8. d4
Qe7 9. Na3 b5 10. Nd1 Nxd5 11. c3 Bb7 12. Nc2 Nd7 13. Nde3 Nf4 14. Qd1 Qf6 15.
a4 Bd6 16. axb5 axb5 17. Rxa8+ Bxa8 18. Bxb5 c6 19. Bc4 Nb6 20. O-O O-O 21. Re1
Nxc4 22. Nxc4 Qg6 23. Bxf4 Bxf4 24. N2e3 f5 25. Ne5 Qh6 26. g3 Bxe5 27. dxe5 f4
28. Ng2 e3 29. fxe3 f3 30. Rf1 c5 31. Nf4 g5 32. Qb3+ Kh8 33. Qe6 f2+ 34. Rxf2
Qg7 35. Nh5 {Normal} 1-0

[Event "Rated Blitz game"]
[Site "?"]
[Date "2021.03.29"]
[Round "?"]
[White "Oncegood"]
[Black "pasha1984"]
[Result "0-1"]
[WhiteElo "2368"]
[BlackElo "2406"]
[PlyCount "84"]
[EventDate "2021.??.??"]
[EventType "blitz"]

1. e4 e5 2. Nf3 d5 3. d4 dxe4 4. Nxe5 Bd6 5. Nc4 Nc6 6. Be3 Nf6 7. Be2 O-O 8.
Nc3 Bb4 9. O-O h6 10. d5 Bxc3 11. dxc6 Bb4 12. c3 Be7 13. Qb3 bxc6 14. Rad1 Bd6
15. Na5 Be6 16. Qa4 Qe8 17. Bc4 Bd7 18. Nb7 Qe5 19. Nxd6 cxd6 20. Be2 c5 21.
Qa6 Bg4 22. Rfe1 Bxe2 23. Rxe2 Ng4 24. Qxd6 Qxd6 25. Rxd6 Rfd8 26. Red2 Rxd6
27. Rxd6 Rb8 28. b3 Nxe3 29. fxe3 Rb5 30. Kf2 Ra5 31. a4 c4 32. bxc4 Rxa4 33.
Rd4 f5 34. c5 Ra2+ 35. Kg3 Ra5 36. Rc4 Rb5 37. c6 Rb8 38. c7 Rc8 39. Kf4 g6 40.
Ke5 Kf7 41. Kd6 g5 42. Kd7 Rf8 {Time forfeit} 0-1

[Event "Rated Blitz game"]
[Site "?"]
[Date "2021.03.29"]
[Round "?"]
[White "music_2003"]
[Black "pasha1984"]
[Result "1-0"]
[WhiteElo "2397"]
[BlackElo "2409"]
[PlyCount "179"]
[EventDate "2021.??.??"]
[EventType "blitz"]

1. e4 e5 2. Nf3 d5 3. Nxe5 dxe4 4. d4 Bd6 5. Bc4 Bxe5 6. Qh5 Qe7 7. Qxe5 Qxe5
8. dxe5 Nc6 9. Bb5 Nge7 10. O-O Bd7 11. Nc3 O-O-O 12. Nxe4 Nxe5 13. Bxd7+ Rxd7
14. Bf4 N5g6 15. Bg3 f5 16. Nc5 f4 17. Nxd7 Kxd7 18. Rad1+ Kc8 19. h3 fxg3 20.
fxg3 Rf8 21. Rxf8+ Nxf8 22. Rf1 Ne6 23. Re1 Kd7 24. Rd1+ Kc6 25. Re1 Kd6 26.
Rd1+ Ke5 27. Re1+ Kf6 28. Rf1+ Kg6 29. Re1 Kf7 30. Rf1+ Ke8 31. Re1 Nd4 32. c3
Ndf5 33. g4 Nd6 34. Kh2 a5 35. Re5 b6 36. b3 Kd7 37. Re1 Nd5 38. c4 Nb4 39. Re2
a4 40. h4 axb3 41. axb3 Nd3 42. Re3 Nc5 43. h5 h6 44. b4 Ne6 45. Rc3 Kc6 46.
Re3 Kd7 47. Rc3 Ne4 48. Rd3+ Ke7 49. Re3 N6g5 50. Rd3 Ke6 51. Rd8 Nd6 52. c5
bxc5 53. bxc5 Ndf7 54. Rd1 Ne5 55. Kg3 Nd7 56. Re1+ Kf7 57. c6 Nb8 58. Rb1 Nxc6
59. Rc1 Nd4 60. Rxc7+ Kf6 61. Rc4 Nde6 62. Ra4 Ke5 63. Ra5+ Kf6 64. Ra4 Nf7 65.
Ra5 Ne5 66. Ra4 Nd7 67. Ra5 Ndc5 68. Ra1 Ne4+ 69. Kh4 Nf4 70. Rf1 Ke5 71. g3
Ng2+ 72. Kh3 Ne3 73. Re1 Nf2+ 74. Kh2 Nfxg4+ 75. Kh3 Ke4 76. Kh4 Kf3 77. Rg1
Kf2 78. Ra1 Ng2+ 79. Kh3 N2e3 80. Kh4 Kf3 81. Ra2 Ne5 82. Ra1 Ng2+ 83. Kh3 Ne3
84. Ra3 Ke4 85. Kh4 N3g4 86. Ra4+ Kf5 87. Rf4+ Ke6 88. Rxg4 Nxg4 89. Kxg4 Kf6
90. Kh4 {Time forfeit} 1-0

[Event "Rated Blitz game"]
[Site "?"]
[Date "2021.03.29"]
[Round "?"]
[White "Nazar_Kovalenko"]
[Black "Dzon_Vejn"]
[Result "1-0"]
[WhiteElo "2366"]
[BlackElo "2401"]
[PlyCount "115"]
[EventDate "2021.??.??"]
[EventType "blitz"]

1. e4 e5 2. Nf3 d5 3. Nxe5 Bd6 4. d4 dxe4 5. Nc4 Be7 6. Be3 Nf6 7. Ncd2 O-O 8.
c4 Bf5 9. Nc3 a6 10. Be2 Nc6 11. d5 Ne5 12. O-O Bg6 13. Bd4 Ned7 14. f3 exf3
15. Bxf3 Bc5 16. Nde4 Nxe4 17. Nxe4 Bxe4 18. Bxe4 Qh4 19. Bxc5 Nxc5 20. Bf3
Qxc4 21. Rc1 Qb5 22. Qd4 b6 23. b4 Nb7 24. Rxc7 Nd6 25. Rc6 Nf5 26. Qxb6 Qd3
27. d6 Nd4 28. Rcc1 Rad8 29. a4 Nxf3+ 30. Rxf3 Qd2 31. Qe3 Qxd6 32. b5 axb5 33.
axb5 Qb4 34. b6 Rb8 35. Rc6 Rfe8 36. Qc3 Re1+ 37. Kf2 Qb1 38. Rc8+ Re8 39.
Rxe8+ Rxe8 40. Re3 Qxb6 41. Ke2 Qxe3+ 42. Qxe3 Rxe3+ 43. Kxe3 f5 44. Kf4 Kf7
45. Kxf5 g6+ 46. Kg5 Kg7 47. Kf4 h6 48. Ke5 Kf7 49. g4 Ke7 50. h4 Kf7 51. g5 h5
52. Kd6 Kf8 53. Ke6 Kg7 54. Ke7 Kg8 55. Kf6 Kh7 56. Kf7 Kh8 57. Kxg6 Kg8 58.
Kxh5 {Time forfeit} 1-0

[Event "Rated Blitz game"]
[Site "?"]
[Date "2021.03.29"]
[Round "?"]
[White "ComplianceWithLaw"]
[Black "Jomajo"]
[Result "1-0"]
[WhiteElo "2625"]
[BlackElo "2623"]
[PlyCount "33"]
[EventDate "2021.??.??"]
[EventType "blitz"]

1. e4 e5 2. Nf3 d5 3. Nxe5 Bd6 4. d4 dxe4 5. Bc4 Bxe5 6. Qh5 Qe7 7. Qxe5 Qxe5
8. dxe5 Nc6 9. Bf4 Nge7 10. Nc3 Bf5 11. O-O-O Ng6 12. Bg3 Ncxe5 13. Bb3 c6 14.
Rhe1 O-O 15. Nxe4 Bxe4 16. Rxe4 Rfe8 17. Rde1 {Normal} 1-0

[Event "Rated Blitz game"]
[Site "?"]
[Date "2021.03.29"]
[Round "?"]
[White "ShahxaibKhan"]
[Black "Mettigel"]
[Result "1-0"]
[WhiteElo "2323"]
[BlackElo "2457"]
[PlyCount "33"]
[EventDate "2021.??.??"]
[EventType "blitz"]

1. e4 e5 2. Nf3 d5 3. exd5 e4 4. Qe2 Nf6 5. Nc3 Be7 6. Nxe4 O-O 7. Nxf6+ Bxf6
8. Qd1 Qxd5 9. Be2 Nc6 10. O-O Bf5 11. d3 Rfe8 12. h3 Rad8 13. a4 h6 14. Be3
Bxb2 15. Rb1 Qa2 16. Qd2 b6 17. c3 {Normal} 1-0

[Event "Rated Blitz game"]
[Site "?"]
[Date "2021.03.29"]
[Round "?"]
[White "nrm18"]
[Black "Din-don-dan"]
[Result "1-0"]
[WhiteElo "2395"]
[BlackElo "2416"]
[PlyCount "105"]
[EventDate "2021.??.??"]
[EventType "blitz"]

1. e4 e5 2. Nf3 d5 3. Nxe5 Nf6 4. d4 Bd6 5. exd5 O-O 6. Nf3 Re8+ 7. Be2 Qe7 8.
Nc3 Bg4 9. O-O Na6 10. a3 Rad8 11. h3 Bh5 12. Bg5 h6 13. Bd2 Ne4 14. Nxe4 Qxe4
15. Bd3 Qxd5 16. g4 Bg6 17. Bxg6 fxg6 18. c3 c5 19. Be3 Qf7 20. dxc5 Bxc5 21.
Nd4 Bxd4 22. Bxd4 Nc7 23. Re1 Ne6 24. Qb3 Nxd4 25. Rxe8+ Rxe8 26. Qxf7+ Kxf7
27. cxd4 Ke6 28. Re1+ Kd7 29. Rxe8 Kxe8 30. Kg2 Ke7 31. Kf3 Ke6 32. Ke4 Kd6 33.
f4 h5 34. g5 Ke6 35. d5+ Kd6 36. h4 b6 37. f5 a6 38. f6 gxf6 39. gxf6 Kd7 40.
Kf4 Ke8 41. d6 b5 42. b4 a5 43. bxa5 Kf7 44. d7 Kxf6 45. d8=Q+ Ke6 46. Qd4 b4
47. axb4 Ke7 48. Ke5 g5 49. hxg5 h4 50. g6 h3 51. Qa7+ Kd8 52. g7 h2 53. g8=Q#
{Normal} 1-0

[Event "Rated Blitz game"]
[Site "?"]
[Date "2021.03.29"]
[Round "?"]
[White "Mescalero81"]
[Black "annaly1979"]
[Result "1-0"]
[WhiteElo "2455"]
[BlackElo "2374"]
[PlyCount "39"]
[EventDate "2021.??.??"]
[EventType "blitz"]

1. e4 e5 2. Nf3 d5 3. exd5 e4 4. Qe2 f5 5. d3 Nf6 6. Bg5 Be7 7. Bxf6 Bxf6 8.
Nc3 O-O 9. dxe4 fxe4 10. Nxe4 Bxb2 11. Rb1 Bf6 12. Qc4 Kh8 13. Bd3 Bf5 14. O-O
Nd7 15. d6 Bxe4 16. Qxe4 g6 17. dxc7 Qxc7 18. Rxb7 Qd6 19. Qg4 Nc5 20. Rxh7+ {
Normal} 1-0

[Event "Rated Blitz game"]
[Site "?"]
[Date "2021.03.29"]
[Round "?"]
[White "zigbert67"]
[Black "pasha1984"]
[Result "0-1"]
[WhiteElo "2327"]
[BlackElo "2407"]
[PlyCount "38"]
[EventDate "2021.??.??"]
[EventType "blitz"]

1. e4 e5 2. Nf3 d5 3. exd5 e4 4. Qe2 Nf6 5. d3 Qxd5 6. dxe4 Qxe4 7. Nbd2 Qe7 8.
b3 Nc6 9. Bb2 Be6 10. O-O-O O-O-O 11. Kb1 h6 12. g3 Bd5 13. Qxe7 Bxe7 14. Bg2
Ng4 15. Rdf1 Bf6 16. h3 Bxb2 17. Kxb2 Nge5 18. Ne1 Bxg2 19. Nxg2 Rxd2 {Normal}
0-1

[Event "Rated Blitz game"]
[Site "?"]
[Date "2021.03.29"]
[Round "?"]
[White "The_king_Egyptian"]
[Black "Dzon_Vejn"]
[Result "1-0"]
[WhiteElo "2322"]
[BlackElo "2403"]
[PlyCount "123"]
[EventDate "2021.??.??"]
[EventType "blitz"]

1. e4 e5 2. Nf3 d5 3. Nxe5 Bd6 4. Nxf7 Kxf7 5. Qh5+ Kf8 6. Qxd5 Nf6 7. Qd3 Nc6
8. Nc3 Nb4 9. Qe2 Nxc2+ 10. Kd1 Nxa1 11. e5 Bg4 12. f3 Bf5 13. exf6 Qxf6 14.
Ne4 Qd4 15. d3 Re8 16. Be3 Qa4+ 17. b3 Qa5 18. Bd4 Be5 19. Be3 h6 20. d4 Bd6
21. Qb2 Bxe4 22. fxe4 Rxe4 23. Bd3 Rxe3 24. Qf2+ Ke7 25. Qxe3+ Kd8 26. Qd2 Qh5+
27. Be2 Qh4 28. Bf3 Re8 29. Kc1 Bf4 30. Rd1 Bxd2+ 31. Rxd2 Qf4 32. Kd1 Re3 33.
Be2 Qf2 34. d5 Kd7 35. Bg4+ Kd6 36. Rxf2 Re4 37. Bf3 Rd4+ 38. Rd2 c5 39. dxc6
Rxd2+ 40. Kxd2 bxc6 41. Kc3 c5 42. Kb2 c4 43. bxc4 Kc5 44. Kxa1 Kxc4 45. Kb2 a5
46. Kc2 Kb5 47. Kd2 Kb4 48. Bd5 Ka3 49. Ke3 a4 50. Kf4 Kb4 51. Kf5 Kc5 52. Bg8
g5 53. Kg6 g4 54. Kxh6 g3 55. hxg3 Kd6 56. g4 Ke7 57. g5 Kf8 58. Be6 Ke7 59.
Bc4 Kf8 60. g6 Ke7 61. g7 Kd6 62. g8=Q {Time forfeit} 1-0

[Event "Rated Blitz game"]
[Site "?"]
[Date "2021.03.29"]
[Round "?"]
[White "Huellstrike"]
[Black "annaly1979"]
[Result "0-1"]
[WhiteElo "2409"]
[BlackElo "2357"]
[PlyCount "86"]
[EventDate "2021.??.??"]
[EventType "blitz"]

1. e4 e5 2. Nf3 d5 3. exd5 e4 4. Ne5 Bd6 5. d4 Nf6 6. c4 b6 7. Be3 h6 8. Nc3
O-O 9. Be2 Re8 10. O-O Bb7 11. Ng4 Nbd7 12. Qc2 a6 13. a4 Rc8 14. Rae1 Nxg4 15.
Bxg4 Qh4 16. h3 Rcd8 17. Bxd7 Rxd7 18. Bc1 Rde7 19. Nd1 f5 20. c5 bxc5 21. dxc5
Be5 22. Ne3 Qf6 23. c6 Bc8 24. Nc4 Bd6 25. Nxd6 Qxd6 26. Qc4 Kh8 27. g3 e3 28.
Qf4 e2 29. Rxe2 Rxe2 30. Qxd6 cxd6 31. Bf4 R2e5 32. Bxe5 Rxe5 33. Rd1 Kg8 34.
f4 Re3 35. Kf2 Rb3 36. Rd2 Kf7 37. g4 g6 38. g5 hxg5 39. fxg5 Ke7 40. Re2+ Kd8
41. Re3 Rxb2+ 42. Kg3 Rb4 43. h4 f4+ {Normal} 0-1

[Event "Rated Blitz game"]
[Site "?"]
[Date "2021.03.29"]
[Round "?"]
[White "Jano83"]
[Black "pasha1984"]
[Result "0-1"]
[WhiteElo "2384"]
[BlackElo "2417"]
[PlyCount "80"]
[EventDate "2021.??.??"]
[EventType "blitz"]

1. e4 e5 2. Nf3 d5 3. exd5 e4 4. Qe2 Nf6 5. d3 Qxd5 6. Nc3 Bb4 7. Nd2 Bxc3 8.
bxc3 O-O 9. Nxe4 Nxe4 10. dxe4 Qa5 11. Bd2 Nc6 12. Qb5 Qa3 13. Bc4 a6 14. Qh5
Na5 15. Bd3 Be6 16. O-O Nc4 17. Be1 Rad8 18. f4 g6 19. Qh6 Qc5+ 20. Kh1 f5 21.
Bf2 Qc6 22. Bd4 Rxd4 23. cxd4 fxe4 24. Be2 Ne3 25. Rfc1 Nf5 26. Qh3 Nxd4 27.
Qe3 Nf5 28. Qa3 e3 29. Bg4 Bd5 30. Rg1 h5 31. Bxf5 Rxf5 32. Qxe3 h4 33. h3 Rf8
34. Rae1 Rf7 35. Qe5 Bxa2 36. Rd1 Rd7 37. Rxd7 Qxd7 38. Re1 Bd5 39. Rf1 Qxh3+
40. Kg1 Qxg2# {Normal} 0-1

[Event "Rated Blitz game"]
[Site "?"]
[Date "2021.03.29"]
[Round "?"]
[White "Electracy"]
[Black "Veysi13"]
[Result "1-0"]
[WhiteElo "2415"]
[BlackElo "2330"]
[PlyCount "81"]
[EventDate "2021.??.??"]
[EventType "blitz"]

1. e4 e5 2. Nf3 d5 3. d4 dxe4 4. Nxe5 Bd6 5. Nc4 Nf6 6. Nxd6+ Qxd6 7. c3 O-O 8.
Be2 c5 9. dxc5 Qxc5 10. O-O Nc6 11. Be3 Qe5 12. Na3 Be6 13. Nc4 Qc7 14. Qc2
Bxc4 15. Bxc4 Ng4 16. g3 Nge5 17. Qxe4 Nxc4 18. Qxc4 b5 19. Qxb5 Rab8 20. Qe2
Rfe8 21. Rfd1 Ne5 22. Bf4 f6 23. Rd2 Qc6 24. Bxe5 Rxe5 25. Qg4 Rbe8 26. Rf1 Re1
27. Rd1 R1e2 28. Qd7 Qxd7 29. Rxd7 Rxb2 30. Rxa7 Ree2 31. a4 h5 32. h4 Rec2 33.
Ra5 g6 34. Ra7 Rxc3 35. Rd1 Rc8 36. Rd6 Ra2 37. Rxf6 Rc1+ 38. Kg2 Rcc2 39.
Rxg6+ Kf8 40. Rf6+ Ke8 41. a5 {Normal} 1-0

[Event "Rated Blitz game"]
[Site "?"]
[Date "2021.03.29"]
[Round "?"]
[White "HartmutK"]
[Black "Dzon_Vejn"]
[Result "1-0"]
[WhiteElo "2307"]
[BlackElo "2406"]
[PlyCount "95"]
[EventDate "2021.??.??"]
[EventType "blitz"]

1. e4 e5 2. Nf3 d5 3. exd5 e4 4. Qe2 Nf6 5. d3 Qxd5 6. Nc3 Bb4 7. Nd2 Bxc3 8.
bxc3 O-O 9. dxe4 Qa5 10. f3 Qxc3 11. Rb1 Qxc2 12. Qd3 Qxa2 13. Be2 Nc6 14. O-O
Rd8 15. Qc3 Qa5 16. Qc2 Nd4 17. Nc4 Nxc2 18. Nxa5 Nd4 19. Bc4 b6 20. Nb3 Nxb3
21. Bxb3 c5 22. Bg5 Be6 23. Ba4 h6 24. Bf4 Rac8 25. Bb5 Rd4 26. Ra1 a5 27. Rfb1
Rb4 28. Ba6 Rd8 29. Rc1 Rd7 30. Rc2 Bb3 31. Rb2 c4 32. Bd2 Rxd2 33. Rxd2 a4 34.
Rd8+ Kh7 35. e5 Nh5 36. Rd7 c3 37. Bd3+ g6 38. Rb1 Kg7 39. e6 Nf4 40. Rxf7+ Kg8
41. Ra7 b5 42. Be4 Ne2+ 43. Kf2 Nd4 44. e7 Kf7 45. Bxg6+ Kxg6 46. e8=Q+ Kf5 47.
Qf8+ Ke5 48. Qxb4 {Normal} 1-0

[Event "Rated Blitz tournament hthMfUCV"]
[Site "?"]
[Date "2021.03.29"]
[Round "?"]
[White "Joko_BBC"]
[Black "yatayo"]
[Result "0-1"]
[WhiteElo "2299"]
[BlackElo "2419"]
[PlyCount "34"]
[EventDate "2021.??.??"]
[EventType "blitz"]

1. e4 e5 2. Nf3 d5 3. exd5 e4 4. Qe2 Nf6 5. Nc3 Be7 6. Nxe4 O-O 7. d3 Qxd5 8.
Bd2 Nc6 9. Bc3 Bg4 10. h3 Bh5 11. g4 Bg6 12. Nfd2 Rfe8 13. Bg2 Nxe4 14. dxe4
Qc5 15. O-O Nd4 16. Qd3 Rad8 17. b4 Qxc3 {Normal} 0-1

[Event "Rated Blitz game"]
[Site "?"]
[Date "2021.03.29"]
[Round "?"]
[White "josuexp"]
[Black "pasha1984"]
[Result "0-1"]
[WhiteElo "2363"]
[BlackElo "2428"]
[PlyCount "60"]
[EventDate "2021.??.??"]
[EventType "blitz"]

1. e4 e5 2. Nf3 d5 3. Nxe5 dxe4 4. Bc4 Qg5 5. Nxf7 Qxg2 6. Rf1 Bg4 7. Be2 Bxe2
8. Qxe2 Kxf7 9. Nc3 Bd6 10. Qc4+ Kg6 11. Nxe4 Nf6 12. d3 Nc6 13. Be3 Ne5 14.
Qb5 Nxe4 15. dxe4 Qxe4 16. O-O-O Kf7 17. Qb3+ Qc4 18. Rxd6 Qxb3 19. axb3 cxd6
20. f4 Nc6 21. Rd1 Rad8 22. c3 Rhe8 23. Rd3 g6 24. b4 a6 25. Bb6 Rd7 26. Rd5
Re4 27. f5 Rf4 28. fxg6+ hxg6 29. Kc2 Rf5 30. Rd4 Nxd4+ {Normal} 0-1

[Event "Rated Blitz game"]
[Site "?"]
[Date "2021.03.29"]
[Round "?"]
[White "vampirenergetik"]
[Black "Kaissiber"]
[Result "1-0"]
[WhiteElo "2375"]
[BlackElo "2446"]
[PlyCount "49"]
[EventDate "2021.??.??"]
[EventType "blitz"]

1. e4 e5 2. Nf3 d5 3. Nxe5 Bd6 4. d4 dxe4 5. Nc4 Nf6 6. Nc3 O-O 7. Bg5 Re8 8.
Qd2 Bf5 9. Ne3 Bg6 10. O-O-O Nc6 11. h4 h6 12. Bxf6 Qxf6 13. g3 Rad8 14. Ncd5
Qe6 15. Bh3 f5 16. h5 Bh7 17. g4 f4 18. g5 Qf7 19. g6 Bxg6 20. hxg6 Qxg6 21.
Nf5 e3 22. fxe3 fxe3 23. Qe2 Bf8 24. Rhg1 Qh7 25. Nf6+ {Normal} 1-0

[Event "Rated Blitz game"]
[Site "?"]
[Date "2021.03.29"]
[Round "?"]
[White "ralfi1"]
[Black "annaly1979"]
[Result "1-0"]
[WhiteElo "2417"]
[BlackElo "2367"]
[PlyCount "63"]
[EventDate "2021.??.??"]
[EventType "blitz"]

1. e4 e5 2. Nf3 d5 3. d4 dxe4 4. Nxe5 Bd6 5. Nc4 Nf6 6. Nxd6+ cxd6 7. Be2 h6 8.
c4 O-O 9. Nc3 Bf5 10. g4 Bg6 11. h4 Nc6 12. Be3 Qa5 13. g5 hxg5 14. hxg5 Nd7
15. a3 Rfd8 16. Qd2 a6 17. Rh4 b5 18. Nxe4 bxc4 19. Nxd6 Qd5 20. Nxc4 Rab8 21.
Rc1 Nde5 22. Nxe5 Nxe5 23. dxe5 Qg2 24. Bd4 Qg1+ 25. Bf1 Rb3 26. Rc3 Rb5 27.
Rch3 Kf8 28. Rh8+ Ke7 29. Bc5+ Rxc5 30. Qxd8+ Ke6 31. Qd6+ Kf5 32. Qxc5 {Normal
} 1-0

[Event "Rated Blitz game"]
[Site "?"]
[Date "2021.03.29"]
[Round "?"]
[White "Din-don-dan"]
[Black "sierra92"]
[Result "0-1"]
[WhiteElo "2416"]
[BlackElo "2427"]
[PlyCount "57"]
[EventDate "2021.??.??"]
[EventType "blitz"]

1. e4 e5 2. Nf3 d5 3. exd5 e4 4. Ne5 Nf6 5. Nc3 Bd6 6. Nc4 O-O 7. d3 exd3 8.
Bxd3 Re8+ 9. Kf1 a6 10. a4 Nbd7 11. Nxd6 cxd6 12. Bf4 Ne5 13. h3 Bd7 14. Bg3
Rc8 15. Qd2 Qa5 16. Rd1 Bxa4 17. Ra1 b5 18. Bf4 Qb4 19. Bg5 Qxb2 20. Rxa4 bxa4
21. Nd1 Qa1 22. Bxf6 gxf6 23. f4 Nxd3 24. Qxd3 a3 25. Kf2 a2 26. Ne3 Qxh1 27.
Nf5 Qe1+ 28. Kf3 Rc3 29. Nh6+ {Normal} 0-1

[Event "Rated Blitz game"]
[Site "?"]
[Date "2021.03.29"]
[Round "?"]
[White "perfect_storm95"]
[Black "KamranShirazi"]
[Result "0-1"]
[WhiteElo "2523"]
[BlackElo "2547"]
[PlyCount "82"]
[EventDate "2021.??.??"]
[EventType "blitz"]

1. e4 e5 2. Nf3 d5 3. Nxe5 Bd6 4. d4 dxe4 5. Qe2 Bxe5 6. dxe5 Bf5 7. Nc3 Nc6 8.
Bf4 Nd4 9. Qd2 Ne7 10. O-O-O Nec6 11. Be3 Ne6 12. Bb5 Qxd2+ 13. Rxd2 O-O 14.
Bxc6 bxc6 15. h3 a6 16. Rf1 f6 17. exf6 Rxf6 18. Re1 h5 19. Rd7 Nf4 20. Rxc7
Nxg2 21. Rg1 Bxh3 22. Nxe4 Rg6 23. Bd4 Re8 24. f3 Bf5 25. c3 Bxe4 26. fxe4 Rxe4
27. Rf1 Re1+ 28. Rxe1 Nxe1 29. Kd2 Nf3+ 30. Ke3 Nxd4 31. cxd4 h4 32. Kf2 h3 33.
Re7 Rg4 34. Re3 Rxd4 35. Rxh3 Rd2+ 36. Ke1 Rxb2 37. Ra3 Rb6 38. Kd2 Kf7 39. Ke3
Ke6 40. Ke4 g5 41. Rg3 Rb4+ {Normal} 0-1